Dr. S. R. Lasker Library Online Catalogue

Home      Library Home      Institutional Repository      E-Resources      MyAthens      EWU Home

Globalization : (Record no. 6328)

MARC details
000 -LEADER
fixed length control field 01107nam a2200337Ia 4500
001 - CONTROL NUMBER
control field 6328
003 - CONTROL NUMBER IDENTIFIER
control field BD-DhEWU
005 - DATE AND TIME OF LATEST TRANSACTION
control field 20181111101709.0
008 - FIXED-LENGTH DATA ELEMENTS--GENERAL INFORMATION
fixed length control field 110604s2007 ii g 000 0 eng d
020 ## - INTERNATIONAL STANDARD BOOK NUMBER
International Standard Book Number 1846840805 Paper back
International Standard Book Number 9781846840807
035 ## - SYSTEM CONTROL NUMBER
System control number (OCoLC)818817442
040 ## - CATALOGING SOURCE
Original cataloging agency BD-DhEWU
Modifying agency BD-DhEWU
Language of cataloging eng
Transcribing agency BD-DhEWU
041 ## - LANGUAGE CODE
Language code of text/sound track or separate title ENG
082 04 - DEWEY DECIMAL CLASSIFICATION NUMBER
Classification number 320.12
Item number KOG 2007
100 1# - MAIN ENTRY--PERSONAL NAME
Personal name Kofman, Eleonore
9 (RLIN) 8493
245 10 - TITLE STATEMENT
Title Globalization :
Remainder of title theory and practice /
Statement of responsibility, etc Eleonore Kofman, Gillian Youngs.
250 ## - EDITION STATEMENT
Edition statement 2nd ed.
260 ## - PUBLICATION, DISTRIBUTION, ETC. (IMPRINT)
Place of publication, distribution, etc Chennai :
Name of publisher, distributor, etc Viva Books,
Date of publication, distribution, etc 2007.
300 ## - PHYSICAL DESCRIPTION
Extent xiii, 313 p. :
Other physical details ill.: figures, tables ;
Dimensions 23 cm.
504 ## - BIBLIOGRAPHY, ETC. NOTE
Bibliography, etc Includes Bibliographical References and Index.
526 ## - STUDY PROGRAM INFORMATION NOTE
Program name BA
590 ## - LOCAL NOTE (RLIN)
Local note Tahur Ahmed
653 #1 - INDEX TERM--UNCONTROLLED
Uncontrolled term Political science
Uncontrolled term Political science International relations Frontiers politics
700 ## - ADDED ENTRY--PERSONAL NAME
Personal name Youngs, Gillian
9 (RLIN) 8494
856 42 - ELECTRONIC LOCATION AND ACCESS
Materials specified WorldCat details
Uniform Resource Identifier http://www.worldcat.org/title/globalization-theory-and-practice/oclc/818817442&referer=brief_results
942 ## - ADDED ENTRY ELEMENTS (KOHA)
Koha item type Text
Source of classification or shelving scheme Dewey Decimal Classification
953 ## - Fulltext in GSDL
Is Fulltext Available in GSDL? Not Avaialable
Holdings
Withdrawn status Lost status Source of classification or shelving scheme Damaged status Not for loan Collection code Home library Current library Shelving location Date acquired Source of acquisition Cost, normal purchase price Total Checkouts Full call number Barcode Copy number Koha item type
    Dewey Decimal Classification   Not For Loan Non-fiction Dr. S. R. Lasker Library, EWU Dr. S. R. Lasker Library, EWU Reserve Section 02/03/2010 Paragon Enterprises Ltd. 549.00   320.12 KOG 6631-23273 C-1 Text
    Dewey Decimal Classification     Non-fiction Dr. S. R. Lasker Library, EWU Dr. S. R. Lasker Library, EWU Circulation Section 02/03/2010 Paragon Enterprises Ltd. 549.00   320.12 KOG 2007 23274 C-2 Text